| 000 | 00993nam a2200277Ia 4500 | ||
|---|---|---|---|
| 003 | OSt | ||
| 005 | 20221005111711.0 | ||
| 006 | a|||||r|||| 00| 0 | ||
| 007 | ta | ||
| 008 | 221004b |||||||| |||| 00| 0 hin d | ||
| 020 |
_a9789380441320 (hbk) _cIndian Rupees 170 |
||
| 024 | _a33819 | ||
| 037 |
_bGift, 03/10/2017, _cTextual |
||
| 040 |
_aCRL _cCRL _bhin |
||
| 041 |
_2hin _ahin |
||
| 082 | _aO152,1N45x, Q5 | ||
| 100 | _aआचार्य, नन्दकिशोर, ले. | ||
| 245 | 0 | _aआकाश भटका हुआ | |
| 246 | _aĀkāsh bhaṭakā huā | ||
| 260 |
_aबीकानेर _bवाग्देवी प्रकाशन भारत _c2015 |
||
| 300 |
_a112पृ0 _ccm. |
||
| 650 | _a हिन्दी साहित्य | ||
| 650 | _aहिन्दी कविता | ||
| 942 |
_hO152,1N45x, Q5 _cTEXL _2cc |
||
| 999 |
_c1022629 _d1022629 |
||